Our Communities

Describes how people live in different types of communities and how cities change and grow.

Đã lưu trong:
Bibliografiske detaljer
Format: Bog
Sprog:Undetermined
Udgivet: New York Macmillan/McGraw-Hill 2003
Fag:
Tags: Tilføj Tag
Ingen Tags, Vær først til at tagge denne postø!
Thư viện lưu trữ: Trung tâm Học liệu Trường Đại học Cần Thơ
LEADER 00717nam a2200217Ia 4500
001 CTU_136274
008 210402s9999 xx 000 0 und d
020 |c 74.20 
082 |a 917.3 
082 |b O.93 
245 0 |a Our Communities 
245 0 |c James A. Banks ... [et al.] 
260 |a New York 
260 |b Macmillan/McGraw-Hill 
260 |c 2003 
520 |a Describes how people live in different types of communities and how cities change and grow. 
650 |a Địa lý du hành,Social sciences,Human geography 
650 |x Study and teaching (Primary),Study and teaching (Primary) 
650 |z Hoa Kỳ 
904 |i Hạ Nguyên 
980 |a Trung tâm Học liệu Trường Đại học Cần Thơ